[Event "Wch U14"]
[Site "Kemer"]
[Date "2009.11.21"]
[Round "10"]
[White "Du Toit, Stefan"]
[Black "Shah, Rushab"]
[Result "1-0"]
[WhiteElo "1670"]
[BlackElo "1737"]
[PlyCount "39"]
[EventDate "2009.11.12"]
[EventType "swiss"]
[EventRounds "11"]
[EventCountry "TUR"]
[SourceTitle "EXT 2010"]
[Source "ChessBase"]
[SourceDate "2010.11.25"]
[SourceVersion "1"]
[SourceVersionDate "2010.11.25"]
[SourceQuality "1"]

1. e4 c5 2. d4 cxd4 3. c3 dxc3 4. Nxc3 Nc6 5. Nf3 d6 6. Bc4 Nf6 7. e5 dxe5 8. Qxd8+ Kxd8 9. Ng5 Kc7 10. Nxf7 Rg8 11. Nb5+ Kb8 12. Nxe5 Nxe5 13. Bf4 Bg4 14. Bxe5+ Kc8 15. Bxf6 exf6 16. Bxg8 a6 17. Rc1+ Kd7 18. Rc7+ Kd8 19. Rf7 Ke8 20. Nc7+ 1-0

[Event "Wch U14"]
[Site "Kemer"]
[Date "2009.11.19"]
[Round "8"]
[White "Shah, Rushab"]
[Black "Boztuna, Mehmet"]
[Result "0-1"]
[WhiteElo "1737"]
[BlackElo "1785"]
[PlyCount "44"]
[EventDate "2009.11.12"]
[EventType "swiss"]
[EventRounds "11"]
[EventCountry "TUR"]
[SourceTitle "EXT 2010"]
[Source "ChessBase"]
[SourceDate "2010.11.25"]
[SourceVersion "1"]
[SourceVersionDate "2010.11.25"]
[SourceQuality "1"]

1. e4 e5 2. Nf3 Nc6 3. Bc4 Be7 4. c3 Nf6 5. d3 d6 6. h3 0-0 7. 0-0 Kh8 8. Bg5 h6 9. Bh4 Ng8 10. Bxe7 Qxe7 11. Re1 f5 12. exf5 Bxf5 13. d4 e4 14. d5 Ne5 15. Nxe5 Qxe5 16. Nd2 Nf6 17. Nf3 Qf4 18. Nd4 Nh7 19. g3 Qg5 20. Nxf5 Qxf5 21. Qd2 Ng5 22. Bf1 Nf3+ 0-1

[Event "Wch U14"]
[Site "Kemer"]
[Date "2009.11.16"]
[Round "5"]
[White "Al Zarooni, Eisa"]
[Black "Shah, Rushab"]
[Result "1-0"]
[WhiteElo "1723"]
[BlackElo "1737"]
[PlyCount "93"]
[EventDate "2009.11.12"]
[EventType "swiss"]
[EventRounds "11"]
[EventCountry "TUR"]
[SourceTitle "EXT 2010"]
[Source "ChessBase"]
[SourceDate "2010.11.25"]
[SourceVersion "1"]
[SourceVersionDate "2010.11.25"]
[SourceQuality "1"]

1. d4 d5 2. c4 c6 3. Nf3 Nf6 4. cxd5 cxd5 5. Nc3 Nc6 6. Bf4 e6 7. e3 a6 8. Bd3 Bd6 9. Bg3 0-0 10. 0-0 Re8 11. Rc1 e5 12. dxe5 Bxe5 13. Nxe5 Nxe5 14. Bb1 Nc4 15. Qc2 Be6 16. Rfd1 Nb6 17. Rd4 g6 18. Qe2 Qd7 19. Bh4 Nh5 20. Rcd1 Ng7 21. Ne4 Nh5 22. Qxh5 gxh5 23. Nf6+ Kg7 24. Nxd7 Bxd7 25. a3 Rg8 26. Ba2 Be6 27. Rb4 Nc4 28. e4 Bd7 29. Bxc4 Bg4 30. Rxd5 Rac8 31. Rg5+ Kf8 32. Rxg8+ Kxg8 33. f3 b5 34. Bxf7+ Kxf7 35. fxg4 hxg4 36. Kf1 Ke6 37. Bg3 Rc2 38. Be1 Ke5 39. Bc3+ Ke6 40. e5 h5 41. Rd4 a5 42. Rd6+ Ke7 43. Rh6 b4 44. axb4 axb4 45. Bxb4+ Kd7 46. e6+ Ke8 47. Ba3 1-0

[Event "Wch U14"]
[Site "Kemer"]
[Date "2009.11.12"]
[Round "1"]
[White "Shah, Rushab"]
[Black "Ebeling, Daniel"]
[Result "0-1"]
[WhiteElo "1737"]
[BlackElo "1978"]
[PlyCount "68"]
[EventDate "2009.11.12"]
[EventType "swiss"]
[EventRounds "11"]
[EventCountry "TUR"]
[SourceTitle "EXT 2010"]
[Source "ChessBase"]
[SourceDate "2010.11.25"]
[SourceVersion "1"]
[SourceVersionDate "2010.11.25"]
[SourceQuality "1"]

1. e4 e5 2. Nf3 Nc6 3. Bc4 Bc5 4. c3 Qe7 5. d3 Nf6 6. 0-0 0-0 7. Bg5 d6 8. h3 a6 9. d4 Ba7 10. d5 Nb8 11. Nbd2 Re8 12. Nh4 h6 13. Bxf6 Qxf6 14. Nhf3 Nd7 15. a3 Nf8 16. Qe2 Ng6 17. Nh2 Nf4 18. Qf3 Qg5 19. Ng4 h5 20. Kh2 hxg4 21. Qg3 Nh5 22. Qd3 gxh3 23. gxh3 Nf4 24. Rg1 Qxg1+ 25. Rxg1 Nxd3 26. Bxd3 Bxf2 27. Rg2 Ba7 28. Nf3 Bd7 29. Nh4 Rad8 30. Nf5 Bxf5 31. exf5 e4 32. Be2 Re5 33. f6 g6 34. c4 Ree8 0-1